000
00345cam a2200145ua 4500
041
_a
eng
_h
082
_a
821
_b
POP/PO
100
_a
Pope, .
245
_a
Poetry and Prose /
_c
Pope.
_h
Textual Documents
260
_a
London :
_b
Oxford at the Clarendon Press ,
_c
1961.
300
_a
188 ; .
504
_a
942
_c
BK
999
_c
5909
_d
5909